00576 2200193 4500001002100000005001500021035002000036007000300056008004100059020002200100082001000122084001600132100001600148245004100164260003100205300004300236520008700279600001600366INLIS00000000000157820230404024240 a0010-0423000044ta230404 b 1 ind  a978-602-252-792-3 a741.5 a741.5 WAT r0 aWatiek Ideo1 aRambut Baru apartemen /cWatiek Ideo aJakarta :bErlangga,c2016 a23 Halaman :bIlustrasi, ;c20 x 20 cm aHingga suatu hari apartemen terbangun dan mendapati banyak orang berisik diatapnya 4aCerita anak